000
00241nam a22000977a 4500
008
140218t xxu||||| |||| 00| 0 eng d
100
_a
Wren & Martin
_9
748
245
_a
High school english grammar & compusition
300
_a
418
942
_2
ddc
_c
BK
999
_c
17005
_d
17005